The 'Next Step' Characters - Statistics

General Stats
  • This quiz has been taken 2,981 times
  • The average score is 11 of 14
Answer Stats
Hint Answer % Correct
Emily
97%
James
97%
Riley
96%
Eldon
93%
Michelle
93%
West
93%
Chloe
86%
Stephanie
85%
Tiffany
85%
Giselle
84%
Daniel
82%
Kate
78%
Chris
70%
Margie
11%
No matching quizzes found
Score Distribution
Percent of People with Each Score
Percentile by Number Answered
Your Score History
You have not taken this quiz